000 00980nam a2200289 i 4500
001 000026067
003 DO-SdBNP
005 20260407101925.0
007 ta
008 100330s1964 dr a r 000 0bspa d
040 _aDO-SdBNP
_bspa
_cBNPHU
_erda
041 _aspa
082 4 _a923.17293
_bC118T
_222
100 1 _aTroncoso Sánchez, Pedro,
_d1904-1989
_eautor
_4aut.
_923599
245 1 0 _aRamón Cáceres /
_cPedro Troncoso Sánchez.
264 1 _aSanto Domingo :
_bEditorial Stella,
_c1964.
300 _a399 páginas :
_bilustraciones ; retratos ;
_c21 cm.
336 _atexto
_btxt
_2rdacontent
337 _asin mediación
_bn
_2rdamedia
338 _avolumen
_bnc
_2rdacarrier
590 _aInventariado, 2019/VM
600 1 4 _aCáceres, Ramón,
_d1866-1911
_9196
650 4 _aPresidentes
_zRepública Dominicana
_xBiografías
_91790
651 4 _aRepública Dominicana --
_xHistoria --
_y1844-1930
_91009
910 _aValidado. Control de calidad. MFF
942 _2ddc
_cLBS1
999 _c25559
_d25559